10 największych miast w Meksyku - Statystyki

Ogólne statystyki
  • Ten quiz został rozwiązany 172 razy
    52 od ostatniego zresetowania
  • Średni wynik to 4 z 10
Statystyki odpowiedzi
Liczba ludności miasta % Poprawnych
9209000 Meksyk
100%
1385000 Guadalajara
85%
1142000 Monterrey
73%
1542000 Puebla
38%
1810000 Tijuana
35%
1501000 Ciudad Juárez
25%
1579000 León
15%
1643000 Ecatepec
8%
1257000 Zapopan
3%
1072000 Nezahualcóyotl
0%
Nie znaleziono quizów pasujących do podanych kryteriów
Rozkład punktacji
Procent ludzi z każdym wynikiem
Percentyl według liczby udzielonych odpowiedzi
Twoja historia wyników
Nie rozwiązałeś tego quizu od ostatniego zresetowania